000 00307nam a2200133Ia 4500
100 _aSHROCK/CHERYL/R.
942 _cBK
366 _f20
654 _aAUTOCAD
245 _aEXERCISE WORK BOOK FOR ADVANCED AUTOCAD 2006
260 _bNEW AGE INTL.PUBL
_aNew Delhi
082 _a006.6/SHR
546 _aENGLISH
999 _c23278
_d23278